José Bonaparte. Un rey republicano en España.
Zapisane w:
| 1. autor: | |
|---|---|
| Format: | Książka |
| Język: | angielski |
| Wydane: |
Madrid, España:
La Esfera de los Libros,
2008.
|
| Wydanie: | Primera edición. |
| Hasła przedmiotowe: | |
| Etykiety: |
Dodaj etykietę
Nie ma etykietki, Dołącz pierwszą etykiete!
|
MARC
| LEADER | 00000nam a22000007a 4500 | ||
|---|---|---|---|
| 003 | CL-VaPUC | ||
| 005 | 20220822114745.0 | ||
| 008 | 220728t2008 ||||| |||| 00| 0 eng d | ||
| 999 | |c 437744 |d 437742 | ||
| 020 | |a 978-84-9734-703-7 | ||
| 040 | |c Pontificia Universidad Católica de Valparaíso | ||
| 082 | |2 22 |a 944.06092 MOR 2008 | ||
| 100 | |9 871871 |a Moreno Alonso, Manuel |e autor | ||
| 245 | |a José Bonaparte. |b Un rey republicano en España. | ||
| 250 | |a Primera edición. | ||
| 260 | |a Madrid, España: |b La Esfera de los Libros, |c 2008. | ||
| 300 | |a 551 páginas. | ||
| 500 | |a c.1 Donación Familia Prof. Alejandro Guzmán Brito. | ||
| 583 | |c 20220728 |k Yessy Sthefany Diaz Vidal | ||
| 600 | 0 | |9 874325 |a Bonaparte, José |x Rey |z España | |
| 600 | 0 | |9 874325 |a Bonaparte, José |x Biografías | |
| 651 | 0 | |9 254926 |a España |x Historia |y S.XIX | |
| 942 | |2 ddc |c BK |n 0 | ||
| 952 | |0 0 |1 0 |2 ddc |4 0 |6 944_060920000000000_MOR_2008 |7 1 |8 C_AGB |9 585541 |a BIBDER |b BIBDER |d 2022-07-28 |e Donación |i 5653558 |o 944.06092 MOR 2008 |p 5653558 |r 2023-01-25 |t 1 |w 2022-07-28 |y BK_US |k AGB | ||